[Event "Chigorin Memorial 25th"]
[Site "St Petersburg"]
[Date "2017.10.23"]
[Round "3"]
[White "Chekletsov, Ilya"]
[Black "Huseynov, Murad"]
[Result "1-0"]
[WhiteElo "2372"]
[BlackElo "2076"]
[PlyCount "101"]
[EventDate "2017.10.21"]
[EventType "swiss"]
[EventRounds "9"]
[EventCountry "RUS"]
[SourceTitle "CBM 181 Extra"]
[Source "ChessBase"]
[SourceDate "2017.12.12"]
[SourceVersion "1"]
[SourceVersionDate "2017.12.12"]
[SourceQuality "1"]

1. d4 e6 2. c4 b6 3. e4 Bb7 4. Bd3 d6 5. Nc3 Nd7 6. Be3 Ngf6 7. h3 Be7 8. Nf3 c5 9. d5 e5 10. Nd2 a6 11. g3 g6 12. Be2 Bf8 13. f4 exf4 14. gxf4 Bg7 15. Nf1 Qe7 16. Qc2 0-0-0 17. 0-0-0 Rde8 18. Bf3 h5 19. Qg2 Qd8 20. Nd2 Ng8 21. Kc2 Kb8 22. Rhe1 Ngf6 23. a3 Rhg8 24. b4 Nh7 25. bxc5 bxc5 26. Rb1 Ka7 27. e5 dxe5 28. Rxb7+ Kxb7 29. d6+ e4 30. Bxe4+ Rxe4 31. Qxe4+ Ka7 32. Rb1 Qc8 33. Nd5 Nhf6 34. Nxf6 Bxf6 35. Qd5 Re8 36. Ne4 Bd8 37. Bxc5+ Nxc5 38. Nxc5 Qf5+ 39. Qxf5 gxf5 40. Rb7+ Ka8 41. Rd7 Ba5 42. Nxa6 Re3 43. Nc7+ Kb8 44. Nd5 Rxh3 45. Rxf7 Rxa3 46. c5 Ra4 47. Kd3 Ra1 48. c6 h4 49. Rb7+ Ka8 50. Nc7+ Bxc7 51. dxc7 1-0